Statystyki dla Kartkówka z wiedzy ogólnej. #6

Kliknij tutaj aby rozwiązać quiz!

Ogólne statystyki

  • Ten quiz został rozwiązany 23 razy
    (16 od ostatniego zresetowania)
  • Średni wynik to 5 z 10

Statystyki odpowiedzi

HintOdpowiedź% Poprawnych
Jaka europejska stolica leży najbliżej Warszawy?Wilno
93%
Jakie miasto było gospodarzem poprzednich (2021 r.) letnich igrzysk olimpijskich?Tokio
79%
Powierzchnię czego obliczymy ze wzoru 4*π*r(do kwadratu)?Kuli
64%
Kto jest reżyserem filmów "Django", "Bękarty wojny"?Tarantino
57%
Jaki związek chemiczny ukrywa się pod wzorem C2H5OH ?Alkohol
50%
Jaźwiec, ssak z rodziny łasicowatych, jest bardziej znany pod nazwą:Borsuk
50%
Jaki jest najwyższy polski szczyt w Bieszczadach?Tarnica
36%
Kto strzelił trzeciego gola w mecz barażowym do ME 2024 w piłce nożnej Polska - Estonia 5:1?Jakub Piotrowski
29%
Jaki jest najcięższy (do 16 kg) ptak latający widywany w Polsce. Kiedyś u nas lęgowy, obecnie tylko zalatujący.Drop
21%
Jaki jest tytuł filmu B. Poręby, opowiadający o ostatnich miesiącach życia majora Henryka Dobrzańskiego?Hubal
21%

Rozkład punktacji

Percentyl według liczby udzielonych odpowiedzi

Procent ludzi z każdym wynikiem

Twoja historia wyników

Nie rozwiązałeś tego quizu od ostatniego zresetowania